| 000 | 00730cam a22002774a 4500 | ||
|---|---|---|---|
| 999 |
_c17885 _d17885 |
||
| 001 | YPZ86859 | ||
| 003 | YPZ | ||
| 005 | 20230517093903.0 | ||
| 008 | 070827|###########||||||b||||||||||spa|d | ||
| 020 | _a9505727119 | ||
| 040 |
_cSIUNPA _bspa _eAACR2 |
||
| 041 | _aspa | ||
| 044 | _aag | ||
| 080 | _a347.249 A691c | ||
| 110 | _aArgentina. Leyes, etc.. | ||
| 240 | _aCódigo de minería | ||
| 245 |
_aCódigo de minería _c/ edición al cuidado Marianela Chirinian |
||
| 260 |
_aBuenos Aires _b : Zavalia _c , 2006 |
||
| 300 | _a355 p. | ||
| 650 | _a MINERIA | ||
| 650 | _a LEGISLACION | ||
| 650 | _a DECRETO 456/1997 | ||
| 651 | 0 |
_953 _aARGENTINA |
|
| 700 |
_4, ed. al cuidado _aChirinian, Marianela |
||
| 942 |
_cBK _2udc |
||